000 00761nam a22001817a 4500
999 _c59246
_d59246
003 Ge_BSU
005 20221223113230.0
008 221223s1982ge xxu||||| |||| 00| 0 geo d
041 _ageo
080 _a821.353.1-31 ა-30
100 _aავალიანი, ლადო.
_93908
245 _aრჩეული : 3 წიგნად.
_b წ. 2-3, ახალი ჰორიზონტი : რომანი 3 ტომად /
_cლადო ავალიანი, რედ. ნ.ხომერიკი
264 _aთბილისი :
_bმერანი,
_c1982.
300 _a810 გვ.
_b22 სმ.
653 _aრომანი
700 _aხომერიკი, ნ
_eრედაქტორი
_91720
942 _2udc
_cBK